Engendering Climate Change : Learnings from South Asia.

This book focuses on the gendered experiences of environmental change across different geographies and social contexts in south Asia and on diverse strategies of adapting to climate variability.

Bibliographic Details
Main Author: Hans, Asha.
Other Authors: Rao, Nitya., Prakash, Anjal., Amrita Patel, Amrita.
Format: eBook
Language:English
Published: Milton : Taylor & Francis Group, 2021.
Edition:1st ed.
Subjects:
Online Access:Click to View
LEADER 01705nam a22003973i 4500
001 EBC7244659
003 MiAaPQ
005 20231204023228.0
006 m o d |
007 cr cnu||||||||
008 231204s2021 xx o ||||0 eng d
020 |a 9781000335392  |q (electronic bk.) 
020 |z 9780815361657 
035 |a (MiAaPQ)EBC7244659 
035 |a (Au-PeEL)EBL7244659 
035 |a (OCoLC)1258400731 
040 |a MiAaPQ  |b eng  |e rda  |e pn  |c MiAaPQ  |d MiAaPQ 
100 1 |a Hans, Asha. 
245 1 0 |a Engendering Climate Change :  |b Learnings from South Asia. 
250 |a 1st ed. 
264 1 |a Milton :  |b Taylor & Francis Group,  |c 2021. 
264 4 |c Ã2021. 
300 |a 1 online resource (262 pages) 
336 |a text  |b txt  |2 rdacontent 
337 |a computer  |b c  |2 rdamedia 
338 |a online resource  |b cr  |2 rdacarrier 
520 |a This book focuses on the gendered experiences of environmental change across different geographies and social contexts in south Asia and on diverse strategies of adapting to climate variability. 
588 |a Description based on publisher supplied metadata and other sources. 
590 |a Electronic reproduction. Ann Arbor, Michigan : ProQuest Ebook Central, 2023. Available via World Wide Web. Access may be limited to ProQuest Ebook Central affiliated libraries.  
655 4 |a Electronic books. 
700 1 |a Rao, Nitya. 
700 1 |a Prakash, Anjal. 
700 1 |a Amrita Patel, Amrita. 
776 0 8 |i Print version:  |a Hans, Asha  |t Engendering Climate Change  |d Milton : Taylor & Francis Group,c2021  |z 9780815361657 
797 2 |a ProQuest (Firm) 
856 4 0 |u https://ebookcentral.proquest.com/lib/matrademy/detail.action?docID=7244659  |z Click to View